000 00448nam a2200145Ia 4500
008 151213s9999 xx 000 0 und d
100 _aআল মুজাহিদী।
245 _aকবিতা সমগ্র ।
_cআল মুজাহিদী।
260 _aঢাকা।
_bশিখা
_c2006
300 _a8654 p.
650 _aBangla
650 _aগল্প।
700 _aআল মুজাহিদী।
999 _c4441
_d4441